Más allá de la razón: un diálogo de complementariedad entre la Ciencia y la Fe
Zapisane w:
| 1. autor: | |
|---|---|
| Format: | Książka |
| Język: | hiszpański |
| Wydane: |
La Paz
Grupo Internacional para la Paz
2011
|
| Wydanie: | 3a. ed |
| Hasła przedmiotowe: | |
| Etykiety: |
Dodaj etykietę
Nie ma etykietki, Dołącz pierwszą etykiete!
|
MARC
| LEADER | 00000cam a2200000 a 4500 | ||
|---|---|---|---|
| 001 | UCB0073 | ||
| 003 | CL-VaPUC | ||
| 005 | 20220314112947.0 | ||
| 008 | 191206e20110000bo spa d | ||
| 020 | |a 8483703416 | ||
| 082 | 0 | 4 | |a 215 |b CAS |2 21 |
| 100 | 1 | |a Castañón-Gómez, Ricardo |e author |9 605365 | |
| 245 | 1 | 0 | |a Más allá de la razón: un diálogo de complementariedad entre la Ciencia y la Fe |
| 250 | |a 3a. ed | ||
| 260 | |a La Paz |b Grupo Internacional para la Paz |c 2011 | ||
| 300 | |a 246 p | ||
| 583 | |a last modification |c 20191206 10:52:00 |k Rodrigo Vera | ||
| 650 | 0 | 0 | |a Ciencia y religión |9 321686 |
| 942 | |c BK | ||
| 945 | |a dcastane |d 20191206 10:52:00 | ||
| 999 | |c 376299 |d 376297 | ||
| 952 | |0 0 |1 0 |3 erb |4 0 |6 215_000000000000000_CAS_2011 |7 0 |8 A |9 495670 |a BIBTEO |b BIBTEO |i 5608120 |o 215 CAS 2011 |p 5608120 |r 2025-01-17 |w 2020-01-06 |y BK |z Catalogado en:20191206 |k ICR | ||